Komfort chceme aj pod stanom
Slovenský spotrebiteľ vybavuje sezónne nákupy čoraz častejšie cez internet. Nakupovanie pomocou pár klikov je niečo, čo Slováci považujú za komfortnejšie, rýchlejšie, jednoduchšie a cenovo výhodnejšie v porovnaní s návštevou kamennej predajne. Patrične možnosť internetových nákupov využívajú pri rôz...
Enregistré dans:
| Auteur principal: | |
|---|---|
| Format: | Chapitre de livre |
| Langue: | slovaque |
| Sujets: | |
| Tags: |
Pas de tags, Soyez le premier à ajouter un tag!
|
MARC
| LEADER | 00000naa a2200000 4500 | ||
|---|---|---|---|
| 001 | 0247587 | ||
| 005 | 20180910100813.4 | ||
| 041 | 0 | |a slo | |
| 044 | |a SK | ||
| 245 | 1 | 0 | |a Komfort chceme aj pod stanom |c Henrieta Halasová |
| 520 | |a Slovenský spotrebiteľ vybavuje sezónne nákupy čoraz častejšie cez internet. Nakupovanie pomocou pár klikov je niečo, čo Slováci považujú za komfortnejšie, rýchlejšie, jednoduchšie a cenovo výhodnejšie v porovnaní s návštevou kamennej predajne. Patrične možnosť internetových nákupov využívajú pri rôznych príležitostiach a sezónach, a to aj pokiaľ ide o dovolenky a dovolenkovú výbavu. | ||
| 610 | 2 | 0 | |a obchod elektronický |
| 610 | 2 | 0 | |a Slovensko |
| 610 | 2 | 0 | |a spotrebitelia |
| 610 | 2 | 0 | |a preferencie spotrebiteľské |
| 610 | 2 | 0 | |a spokojnosť zákazníkov |
| 610 | 2 | 0 | |a platby elektronické |
| 100 | 1 | |a Halasová, Henrieta | |